| 000 | 00738cam a2200253 4500500 | ||
|---|---|---|---|
| 005 | 20260329001252.0 | ||
| 041 | _afre | ||
| 042 | _adc | ||
| 100 | 1 | 0 |
_aTrécourt, Fabien _eauthor |
| 245 | 0 | 0 | _a“On négocie quand on ne peut plus ignorer l’autre” |
| 260 | _c2023. | ||
| 500 | _a21 | ||
| 690 | _aCollaboration | ||
| 690 | _aCommunication | ||
| 690 | _aCompétences | ||
| 690 | _aCoopération | ||
| 690 | _aEntreprise | ||
| 690 | _aManagement interculturel | ||
| 690 | _aMondialisation | ||
| 690 | _aRessources humaines | ||
| 690 | _aSoft skills | ||
| 786 | 0 | _nPhilonomist | - | 6 | 2023-05-02 | p. 12-16 | |
| 856 | 4 | 1 | _uhttps://shs.cairn.info/magazine-philonomist-2023-6-page-12?lang=fr&redirect-ssocas=7080 |
| 999 |
_c1803706 _d1803706 |
||